<?xml version="1.0" encoding="UTF-8"?>
<record
    xmlns:xsi="http://www.w3.org/2001/XMLSchema-instance"
    xsi:schemaLocation="http://www.loc.gov/MARC21/slim http://www.loc.gov/standards/marcxml/schema/MARC21slim.xsd"
    xmlns="http://www.loc.gov/MARC21/slim">

  <leader>00367nam a22001457a 4500</leader>
  <datafield tag="999" ind1=" " ind2=" ">
    <subfield code="c">9243</subfield>
    <subfield code="d">9243</subfield>
  </datafield>
  <controlfield tag="003">OSt</controlfield>
  <controlfield tag="008">201119b           ||||| |||| 00| 0 eng d</controlfield>
  <datafield tag="020" ind1=" " ind2=" ">
    <subfield code="a">9788180549687</subfield>
  </datafield>
  <datafield tag="100" ind1=" " ind2=" ">
    <subfield code="a">Gupta, S.C. and Kapoor, V.K.</subfield>
  </datafield>
  <datafield tag="245" ind1=" " ind2=" ">
    <subfield code="a">Fundamentals of Mathematical Statistics </subfield>
  </datafield>
  <datafield tag="260" ind1=" " ind2=" ">
    <subfield code="a">New Delhi</subfield>
    <subfield code="b">Sultan chand</subfield>
    <subfield code="c">2020</subfield>
  </datafield>
  <datafield tag="300" ind1=" " ind2=" ">
    <subfield code="a">Misc</subfield>
  </datafield>
  <datafield tag="650" ind1=" " ind2=" ">
    <subfield code="a">B.Com</subfield>
  </datafield>
  <datafield tag="942" ind1=" " ind2=" ">
    <subfield code="2">ddc</subfield>
    <subfield code="c">BK</subfield>
  </datafield>
  <datafield tag="952" ind1=" " ind2=" ">
    <subfield code="0">0</subfield>
    <subfield code="1">0</subfield>
    <subfield code="2">ddc</subfield>
    <subfield code="4">0</subfield>
    <subfield code="7">0</subfield>
    <subfield code="8">BCOM</subfield>
    <subfield code="a">PIETNCR</subfield>
    <subfield code="b">PIETNCR</subfield>
    <subfield code="d">2020-11-19</subfield>
    <subfield code="e">Kirti Prakashan</subfield>
    <subfield code="f">In Rupees</subfield>
    <subfield code="g">590.00</subfield>
    <subfield code="k">IN413</subfield>
    <subfield code="l">0</subfield>
    <subfield code="p">N501</subfield>
    <subfield code="r">2020-11-19 00:00:00</subfield>
    <subfield code="v">472.00</subfield>
    <subfield code="w">2020-09-03</subfield>
    <subfield code="y">REF</subfield>
  </datafield>
  <datafield tag="952" ind1=" " ind2=" ">
    <subfield code="0">0</subfield>
    <subfield code="1">0</subfield>
    <subfield code="2">ddc</subfield>
    <subfield code="4">0</subfield>
    <subfield code="7">0</subfield>
    <subfield code="8">BCOM</subfield>
    <subfield code="a">PIETNCR</subfield>
    <subfield code="b">PIETNCR</subfield>
    <subfield code="d">2020-11-19</subfield>
    <subfield code="e">Kirti Prakashan</subfield>
    <subfield code="f">In Rupees</subfield>
    <subfield code="g">590.00</subfield>
    <subfield code="k">IN413</subfield>
    <subfield code="l">0</subfield>
    <subfield code="p">N502</subfield>
    <subfield code="r">2020-11-19 00:00:00</subfield>
    <subfield code="v">472.00</subfield>
    <subfield code="w">2020-09-03</subfield>
    <subfield code="y">BK</subfield>
  </datafield>
  <datafield tag="952" ind1=" " ind2=" ">
    <subfield code="0">0</subfield>
    <subfield code="1">0</subfield>
    <subfield code="2">ddc</subfield>
    <subfield code="4">0</subfield>
    <subfield code="7">0</subfield>
    <subfield code="8">BCOM</subfield>
    <subfield code="a">PIETNCR</subfield>
    <subfield code="b">PIETNCR</subfield>
    <subfield code="d">2020-11-19</subfield>
    <subfield code="e">Kirti Prakashan</subfield>
    <subfield code="f">In Rupees</subfield>
    <subfield code="g">590.00</subfield>
    <subfield code="k">IN413</subfield>
    <subfield code="l">0</subfield>
    <subfield code="p">N503</subfield>
    <subfield code="r">2020-11-19 00:00:00</subfield>
    <subfield code="v">472.00</subfield>
    <subfield code="w">2020-09-03</subfield>
    <subfield code="y">BK</subfield>
  </datafield>
  <datafield tag="952" ind1=" " ind2=" ">
    <subfield code="0">0</subfield>
    <subfield code="1">0</subfield>
    <subfield code="2">ddc</subfield>
    <subfield code="4">0</subfield>
    <subfield code="7">0</subfield>
    <subfield code="8">BCOM</subfield>
    <subfield code="a">PIETNCR</subfield>
    <subfield code="b">PIETNCR</subfield>
    <subfield code="d">2020-11-19</subfield>
    <subfield code="e">Kirti Prakashan</subfield>
    <subfield code="f">In Rupees</subfield>
    <subfield code="g">590.00</subfield>
    <subfield code="k">IN413</subfield>
    <subfield code="l">0</subfield>
    <subfield code="p">N504</subfield>
    <subfield code="r">2020-11-19 00:00:00</subfield>
    <subfield code="v">472.00</subfield>
    <subfield code="w">2020-09-03</subfield>
    <subfield code="y">BK</subfield>
  </datafield>
  <datafield tag="952" ind1=" " ind2=" ">
    <subfield code="0">0</subfield>
    <subfield code="1">0</subfield>
    <subfield code="2">ddc</subfield>
    <subfield code="4">0</subfield>
    <subfield code="7">0</subfield>
    <subfield code="8">BCOM</subfield>
    <subfield code="a">PIETNCR</subfield>
    <subfield code="b">PIETNCR</subfield>
    <subfield code="d">2020-11-19</subfield>
    <subfield code="e">Kirti Prakashan</subfield>
    <subfield code="f">In Rupees</subfield>
    <subfield code="g">590.00</subfield>
    <subfield code="k">IN413</subfield>
    <subfield code="l">0</subfield>
    <subfield code="p">N505</subfield>
    <subfield code="r">2020-11-19 00:00:00</subfield>
    <subfield code="v">472.00</subfield>
    <subfield code="w">2020-09-03</subfield>
    <subfield code="y">BK</subfield>
  </datafield>
  <datafield tag="952" ind1=" " ind2=" ">
    <subfield code="0">0</subfield>
    <subfield code="1">0</subfield>
    <subfield code="2">ddc</subfield>
    <subfield code="4">0</subfield>
    <subfield code="7">0</subfield>
    <subfield code="8">BCOM</subfield>
    <subfield code="a">PIETNCR</subfield>
    <subfield code="b">PIETNCR</subfield>
    <subfield code="d">2020-11-19</subfield>
    <subfield code="e">Kirti Prakashan</subfield>
    <subfield code="f">In Rupees</subfield>
    <subfield code="g">590.00</subfield>
    <subfield code="k">IN413</subfield>
    <subfield code="l">0</subfield>
    <subfield code="p">N506</subfield>
    <subfield code="r">2020-11-19 00:00:00</subfield>
    <subfield code="v">472.00</subfield>
    <subfield code="w">2020-09-03</subfield>
    <subfield code="y">BK</subfield>
  </datafield>
</record>
